00477 2200193 4500001002100000005001500021008004100036020002200077035001900099041000700118082000800125090001400133100001600147245004600163260003000209300002300239500000600262650001500268INLIS00000000000224920241224112513241224||||||||| | ||| |||| || |  a978-979-1211-03-1 0010-1224002249 aid0 a510 a510 JAN l0 aJanu Ismadi00aLangkah Tepat Menuju Olimpiade Matematika aJakartabAzka Pressc2007 avi, 98 hlm.; 25 cm a1 0aIlmu Murni